European Championship Group Stage Goalscorers 2016 - Statistics

General Stats
  • This quiz has been taken 5 times
  • The average score is 24 of 69
Answer Stats
Group Nation Score Player % Correct
A France 1-0 Antoine Griezmann
100%
A France 1-0 Olivier Giroud
100%
D Spain 1-0 Alvaro Morata
75%
D Spain 3-0 Alvaro Morata
75%
D Spain 1-0 Alvaro Morata
75%
F Portugal 2-2 Cristiano Ronaldo
75%
F Portugal 3-3 Cristiano Ronaldo
75%
B Wales 1-0 Gareth Bale
75%
B Wales 1-0 Gareth Bale
75%
B Wales 3-0 Gareth Bale
75%
F Iceland 1-0 Gylfi Sigurdsson
75%
B Wales 2-1 Hal Robson-Kanu
75%
B England 1-1 Jamie Vardy
75%
D Croatia 1-0 Luka Modric
75%
C Germany 1-0 Mario Gomez
75%
F Portugal 1-0 Nani
75%
F Portugal 1-1 Nani
75%
E Belgium 1-0 Romelu Lukaku
75%
E Belgium 3-0 Romelu Lukaku
75%
B Wales 1-0 Aaron Ramsey
50%
C Poland 1-0 Arkadiusz Milik
50%
B England 2-1 Daniel Sturridge
50%
A France 2-1 Dimitri Payet
50%
A France 2-0 Dimitri Payet
50%
E Italy 2-0 Graziano Pelle
50%
D Croatia 1-0 Ivan Perisic
50%
D Croatia 2-1 Ivan Perisic
50%
B Slovakia 2-0 Marek Hamsik
50%
F Hungary 1-0 Adam Szalai
25%
F Austria 1-1 Alessandro Schopf
25%
A Albania 1-0 Armando Sadiku
25%
E Belgium 2-0 Axel Witsel
25%
F Hungary 2-1 Balazs Dzsudzsak
25%
F Hungary 3-2 Balazs Dzsudzsak
25%
C Germany 2-0 Bastian Schweinsteiger
25%
A Romania 1-1 Bogdan Stancu
25%
A Romania 1-0 Bogdan Stancu
25%
E Italy 1-0 Emanuele Giaccherini
25%
B England 1-0 Eric Dier
25%
A Switzerland 1-0 Fabian Schar
25%
C Northern Ireland 1-0 Gareth McAuley
25%
D Spain 1-0 Gerard Pique
25%
C Poland 1-0 Jakub Blaszczykowski
25%
B Slovakia 1-1 Ondrej Duda
25%
C Germany 1-0 Shkodran Mustafi
25%
D Czech Republic 2-2 Tomas Necid
25%
A Switzerland 1-1 Admir Mehmedi
0%
F Iceland 2-1 Arnor Trautason
0%
F Iceland 1-1 Birkir Bjarnason
0%
F Iceland (OG) 1-1 Birkir Saevarsson
0%
D Turkey 1-0 Burak Yilmaz
0%
E Ireland (OG) 1-1 Ciaran Clark
0%
B Russia 2-1 Denis Glushakov
0%
E Italy 1-0 Eder
0%
D Croatia 2-0 Ivan Rakitic
0%
F Iceland 1-0 Jon Bodvarsson
0%
D Czech Republic 2-1 Milan Skoda
0%
B Wales 2-0 Neil Taylor
0%
C Northern Ireland 2-0 Niall McGinn
0%
D Croatia 1-1 Nikola Kalinic
0%
D Spain 2-0 Nolito
0%
D Turkey 2-0 Ozan Tufan
0%
E Belgium 1-0 Radja Nainggolan
0%
E Ireland 1-0 Robbie Brady
0%
B Russia 1-1 Vasiliy Berezutski
0%
B Slovakia 1-0 Vladimir Weiss
0%
E Ireland 1-0 Wes Hoolahan
0%
F Hungary 1-0 Zoltan Gera
0%
F Hungary 2-0 Zoltan Stieber
0%
No matching quizzes found
Score Distribution
Percent of People with Each Score
Percentile by Number Answered
Your Score History
You have not taken this quiz